000 01314nam a22003737a 4500
003 CHAP
005 20220329141103.0
008 971013s1994 r 00010 d
010 _a62405
011 _a63377
035 _a67553
040 _cCHAP
082 _a309.172
_bA7
100 0 0 _aArtís Espriu, Gloria.
_97776
245 _aFamilia, riqueza y poder
_b: un estudio genealógico de la oligarquía novohispana
260 _aMéxico, D. F. :
_bCentro de Investigaciones y Estudios Superiores en Antropología Social,
_c1994
300 _a157 p.
490 _aColección Miguel Othón de Mendizábal
590 _aBATCH-UPD
_b10
_c20130110
_lUCH01
_h0500
590 _aBATCH-UPD
_b10
_c20130110
_lUCH01
_h2212
590 _aBATCH-UPD
_b10
_c20130410
_lUCH01
_h0137
590 _aBATCH-UPD
_b10
_c20130410
_lUCH01
_h1618
590 _aBATCH-UPD
_b10
_c20130914
_lUCH01
_h0415
590 _aBATCH-UPD
_b10
_c20130914
_lUCH01
_h2129
590 _aCONVERSION
_b10
_c20130109
_lUCH01
_h1333
650 1 4 _aClases sociales.
_923673
650 1 4 _aMéxico
_xCondiciones sociales.
_976730
650 1 4 _aPoder.
_989471
650 1 4 _aRiqueza.
_997508
830 0 _aColección Miguel Othón de Mendizábal
_924926
901 _aBK
942 _cLIBRO
949 _a309.172 A7
_bBC
_cLIBRO
_d33724000643953
_eLIBRO
_h92126
_i67553
_si
999 _c62405
_d62405